Analytical Studies on the Role of Parents in Building Christian Home Based on the Biblical Teaching and Its Implication Among the Paite Community in New Lamka, Churachandpur, Manipur | (Record no. 7999)

MARC details
000 -LEADER
fixed length control field 00701nam a22001697a 4500
003 - CONTROL NUMBER IDENTIFIER
control field GBCCL
005 - DATE AND TIME OF LATEST TRANSACTION
control field 20241126110641.0
008 - FIXED-LENGTH DATA ELEMENTS--GENERAL INFORMATION
fixed length control field 181123b ||||| |||| 00| 0 eng d
040 ## - CATALOGING SOURCE
Transcribing agency GBC
082 ## - DEWEY DECIMAL CLASSIFICATION NUMBER
Classification number ARCH GBC-2016
Item number THA
100 ## - MAIN ENTRY--PERSONAL NAME
Personal name Thawngkhanlian, Samuel
9 (RLIN) 13966
245 ## - TITLE STATEMENT
Title Analytical Studies on the Role of Parents in Building Christian Home Based on the Biblical Teaching and Its Implication Among the Paite Community in New Lamka, Churachandpur, Manipur |
Statement of responsibility, etc. Samuel Thawngkhanlian
260 ## - PUBLICATION, DISTRIBUTION, ETC.
Place of publication, distribution, etc. New Lamka:
Name of publisher, distributor, etc. Grace Bible College,
Date of publication, distribution, etc. 2016
300 ## - PHYSICAL DESCRIPTION
Extent ix + 59 p.;
Dimensions 21 x 29 cm.
650 ## - SUBJECT ADDED ENTRY--TOPICAL TERM
Topical term or geographic name entry element Christian Home
Form subdivision Christian Family
-- Role of Parents
General subdivision Paite
Geographic subdivision Lamka
-- Churachandpur
9 (RLIN) 13967
942 ## - ADDED ENTRY ELEMENTS (KOHA)
Source of classification or shelving scheme Dewey Decimal Classification
Koha item type Thesis
Holdings
Withdrawn status Lost status Source of classification or shelving scheme Damaged status Not for loan Home library Current Library Shelving location Date acquired Total checkouts Full call number Barcode Date last seen Copy number Price effective from Koha item type
    Dewey Decimal Classification     GRACE BIBLE COLLEGE GRACE BIBLE COLLEGE Archives 2018-11-23   ARCH GBC-2016 THA 025130 2025-05-01 c.1 2018-11-23 Thesis
© Grace Bible College Library 2025